000 00812nam a2200253Ia 4500
005 20220203161947.0
008 210716s2007 xx 000 0 und d
020 _a978195681161
040 _cAIMIT LIBRARY
041 _aeng
082 _a658.4
_24
_bFINR
100 _aFincham, Robin.
_916501
245 _aPrinciples of organizational behaviour /
_cRobin Fincham and Rhodes Peter.
250 _a4th ed.
260 _aNew Delhi:
_bOxford University Press,
_c2007.
300 _ax,752p.;
_c25cm.
650 _aAccounting individual differences
_916502
650 _aMotivation and job satisfaction
_916503
650 _aLeadership
_916504
700 _aGroups and work
_916505
700 _aPatterns of work
_916506
700 _aConflict and connect in work
_916507
942 _2ddc
_cBK
_e4
_k658.4 FINR
999 _c201373
_d201373